| 000 | 00895nam a22002537a 4500 | ||
|---|---|---|---|
| 999 |
_c11842 _d11842 |
||
| 003 | AR-CdUCM | ||
| 008 | 190405b ||||| |||| 00| 0 spa d | ||
| 040 |
_aMUNICIPALIDAD PROVINCIAL DEL CUSCO _cBIBLIOTECA MUNICIPAL DEL CUSCO |
||
| 082 |
_22ed. _aES / 373.909 / _bN25 |
||
| 100 |
_aNarrea, Manuel _928462 |
||
| 245 | _aHistoria Universal 3 / | ||
| 260 |
_aLima : _bEscuela Nueva S. A. |
||
| 300 |
_a287 páginas ; _bIlustraciones, mapas _c20cm |
||
| 500 | _aEducación secundaria 3ro | ||
| 505 | _aContenido: Edad contemporánea: Desde la revolución francesa hasta los inicios de la primera guerra mundial. | ||
| 650 |
_aRevolución francesa _91606 |
||
| 650 |
_aHistoria _9246 |
||
| 650 |
_aGuerra mundial _91395 |
||
| 700 |
_aTerry, Daniel _929402 |
||
| 700 |
_aAlfaro, Andrés _929403 |
||
| 700 |
_aDíaz, Placido _929404 |
||
| 942 |
_2ddc _cLIBROS |
||
| 945 |
_anom _d2019-04-05 |
||